000 00418 a2200109 4500
001 ART_41426
005 20260410161842.0
008 260409a
245 1 0 _aPrincipios de la asistencia a la parte no instruida y de interpretación favorable en caso de duda
100 1 _aThomas, Gustavo J.
773 0 _tRAP
_gXI Jornadas Rosarinas de derecho administrativo - Año 39, Nº 462 (mar. 2017)
_wREV5941
999 _c24216
_d24216